Nature conservation designations and land values (Record no. 109590)
[ view plain ]
| 000 -LEADER | |
|---|---|
| fixed length control field | 02658cad a22003135a 4500 |
| 001 - CONTROL NUMBER | |
| control field | E147506 |
| 008 - FIXED-LENGTH DATA ELEMENTS--GENERAL INFORMATION | |
| fixed length control field | 090519s2002 xxk f s000 0 eng d |
| 020 ## - INTERNATIONAL STANDARD BOOK NUMBER | |
| International Standard Book Number | 0755933915 |
| 022 1# - INTERNATIONAL STANDARD SERIAL NUMBER | |
| International Standard Serial Number | 0950-2254 |
| 035 ## - SYSTEM CONTROL NUMBER | |
| System control number | (Sirsi) u147506 |
| 041 0# - LANGUAGE CODE | |
| Language code of text/sound track or separate title | eng |
| 050 04 - LIBRARY OF CONGRESS CALL NUMBER | |
| Classification number | 333.78 $2 18 |
| 100 2# - MAIN ENTRY--PERSONAL NAME | |
| Personal name | Roberts, D. |
| 245 00 - TITLE STATEMENT | |
| Title | Nature conservation designations and land values |
| Medium | [electronic resource] |
| 260 ## - PUBLICATION, DISTRIBUTION, ETC. | |
| Place of publication, distribution, etc. | Edinburgh |
| Name of publisher, distributor, etc. | Scottish Executive |
| Date of publication, distribution, etc. | 2002 |
| 505 2# - FORMATTED CONTENTS NOTE | |
| Formatted contents note | Executive summary -- Chapter one, introduction: background to the study; objectives; methodological approach; structure of the report -- Chapter two, determinants of land values: economic theories of land value; hedonic pricing studies; the effects of environmental policies on land values; summary findings -- Chapter three, the SSSI and ESA schemes in Scotland; Sites of Special Scientific Interest; the Environmentally Sensitive Areas (ESA) Scheme; proposed changes to the SSSI scheme; summary findings -- Chapter four, findings from the survey of Scottish Land Agents; factors influencing land purchase decisions; designation and the land market; changing attitudes towards designation; the role of Conservation and Recreation Trusts (CARTS) in the land market -- Chapter five, description of the Scottish land market; size of the market; land prices -- Chapter six, a hedonic analysis of Scottish land values; description of the model; results; summary findings -- Chapter seven, positive management agreements: a programming analysis; description of the modelling appraoch; results of the analysis; positive management agreements, risk aversion and land rents; summary findings -- Chapter eight, conclusions -- References -- Appendices |
| 520 ## - SUMMARY, ETC. | |
| Summary, etc. | Presents the results of research into the effect of SSSI and ESA designations on land values, and the effect that proposed reforms of the SSSI system may have on land values. Concludes that neither SSSI nor ESA designation have had a significant effect on Scottish land values, although there are some specific cases were designation can and has affected the price received for a piece of land. |
| 521 ## - TARGET AUDIENCE NOTE | |
| Target audience note | Advanced |
| 651 #4 - SUBJECT ADDED ENTRY--GEOGRAPHIC NAME | |
| Geographic name | Scotland |
| Chronological subdivision | 1999- |
| 690 ## - LOCAL SUBJECT ADDED ENTRY--TOPICAL TERM (OCLC, RLIN) | |
| Topical term or geographic name as entry element | ENVIRONMENTAL AND LAND CONSULTANCY-ENVIRONMENTAL MANAGEMENT-ENVIRONMENTAL CONSERVATION |
| 690 ## - LOCAL SUBJECT ADDED ENTRY--TOPICAL TERM (OCLC, RLIN) | |
| Topical term or geographic name as entry element | PROPERTY-RURAL AND NATURAL ASSETS-AGRICULTURAL PROPERTY-AGRICULTURAL PROPERTY MARKET |
| 700 1# - ADDED ENTRY--PERSONAL NAME | |
| Personal name | Macdonald, D. |
| 700 1# - ADDED ENTRY--PERSONAL NAME | |
| Personal name | Kampas, T. |
| 700 1# - ADDED ENTRY--PERSONAL NAME | |
| Personal name | Shannon, P. |
| 700 1# - ADDED ENTRY--PERSONAL NAME | |
| Personal name | Potts, J. |
| 700 1# - ADDED ENTRY--PERSONAL NAME | |
| Personal name | Barroclough, F. |
| 856 40 - ELECTRONIC LOCATION AND ACCESS | |
| Uniform Resource Identifier | <a href="https://www.scotland.gov.uk/Publications/2002/07/15133/9003">https://www.scotland.gov.uk/Publications/2002/07/15133/9003</a> |
| Public note | View the report free of charge at www.scotland.gov.uk... |
| 942 ## - ADDED ENTRY ELEMENTS (KOHA) | |
| Suppress in OPAC | 0 |
| Withdrawn status | Lost status | Source of classification or shelving scheme | Damaged status | Not for loan | Home library | Current library | Shelving location | Date acquired | Total Checkouts | Full call number | Barcode | Date last seen | Copy number | Price effective from | Koha item type |
|---|---|---|---|---|---|---|---|---|---|---|---|---|---|---|---|
| Dewey Decimal Classification | Virtual | Virtual | Online | 19/05/2009 | ONLINE PUBLICATION | 147506-2001 | 06/08/2019 | 1 | 06/08/2019 | Book |